| 000 | 00000nam##2200000za#4500 |
| 001 | 9.577289 |
| 003 | CaOODSP |
| 005 | 20220901140009 |
| 007 | cr ||||||||||| |
| 008 | 150406|2002||||xxc|||||o f|0| 0 eng|d |
| 040 | |aCaOODSP|beng |
| 043 | |an-cn--- |
| 086 | 1 |aJ3-10/2002-20E-PDF |
| 110 | 1 |aCanada.|bJustice Canada. |
| 245 | 12|aA seamless approach to service delivery in legal aid : |h[electronic resource]|bfulfilling a promise or maintaining a myth? / |c[by] Dianne L. Martin. |
| 260 | |aOttawa - Ontario : |bJustice Canada |cMarch 2002. |
| 300 | |a38p.|breferences |
| 490 | 1 |aLegal aid research series |
| 590 | |a13-20-Supp|b2013-08-30 |
| 775 | 08|tUne approche intégrée à la prestation de services en matière d'aide juridique : |w(CaOODSP)9.606036 |
| 830 | #0|aLegal aid research series.|w(CaOODSP)9.505670 |
| 856 | 40|ahttp://publications.gc.ca|qPDF|s214 KB|uhttps://publications.gc.ca/collections/collection_2013/jus/J3-10-2002-20-eng.pdf |